Southville International School and Colleges
Your cart is empty.
  • Cart
  • Lists
    Public lists Eva Luna New books Lux_list list_1
    Your lists Log in to create your own lists
  • Log in to your account
  • Your cookies
  • Search history
Southville International School and Colleges
  • Advanced search
  • Recent comments
  • Most popular
  • Libraries

Log in to your account

Log in with GOOGLE


If you do not have an external account, but do have a local account, you can still log in:

  1. Home
  2. MARC view: Exceptional child :
Normal view MARC view ISBD view

Exceptional child : (Record no. 356344)

[ view plain ]
MARC details
000 -LEADER
fixed length control field 00431nam a2200157Ia 4500
003 - CONTROL NUMBER IDENTIFIER
control field 0
005 - DATE AND TIME OF LATEST TRANSACTION
control field 20260122102422.0
008 - FIXED-LENGTH DATA ELEMENTS--GENERAL INFORMATION
fixed length control field 180323s9999 xx 000 0 und d
020 ## - INTERNATIONAL STANDARD BOOK NUMBER
International Standard Book Number 131191705
100 ## - MAIN ENTRY--PERSONAL NAME
Personal name Heward, William L.
245 ## - TITLE STATEMENT
Title Exceptional child :
Remainder of title An introduction to special education
250 ## - EDITION STATEMENT
Edition statement 8th ed
260 ## - PUBLICATION, DISTRIBUTION, ETC. (IMPRINT)
Place of publication, distribution, etc New Jersey :
Name of publisher, distributor, etc Pearson Merrill Prentice Hall
Date of publication, distribution, etc 2006
300 ## - PHYSICAL DESCRIPTION
Extent iv, 632 pages
942 ## - ADDED ENTRY ELEMENTS (KOHA)
Source of classification or shelving scheme Library of Congress Classification
Koha item type Books
Holdings
Withdrawn status Lost status Damaged status Home library Current library Shelving location Date acquired Source of acquisition Total Checkouts Full call number Barcode Date last seen Price effective from Koha item type
      College Library College Library General Circulation Section 03/23/2018     RJ 505.P6 .H597 2006 C21446 03/23/2018 03/23/2018 Books

Exceptional child :

APA

Heward W. L., . (2006). Exceptional child. New Jersey: Pearson Merrill Prentice Hall.

Chicago

Heward William L, . 2006. Exceptional child. New Jersey: Pearson Merrill Prentice Hall.

Harvard

Heward W. L., . (2006). Exceptional child. New Jersey: Pearson Merrill Prentice Hall.

MLA

Heward William L, . Exceptional child. New Jersey: Pearson Merrill Prentice Hall. 2006.

  • Place hold
  • Print
  • Cite
  • Add to your cart (remove)
  • Save record
    BIBTEX Dublin Core MARCXML MARC (non-Unicode/MARC-8) MARC (Unicode/UTF-8) MARC (Unicode/UTF-8, Standard) MODS (XML) RIS
  • More searches
    Search for this title in:
    Other Libraries (WorldCat) Other Databases (Google Scholar) Online Stores (Bookfinder.com) Open Library (openlibrary.org)

Exporting to Dublin Core...

SOUTHVILLE LIBRARY

Southville International School and Colleges Library

1281 Tropical Ave. Cor. Luxembourg St., BF Homes International, Las Pinas City

Tel. No. 8256374 / 252358 Loc. 117/146

Powered by Koha